00744nam a2200217Ia 4500003000900000008004100009040001300050040001300063041000800076100002200084245011400106250002200220260002300242260000900265300001100274300001200285490000600297942000700303999001700310952019900327IT-RoPAU120407s9999 xx 000 0 und d aIT-RoPAU cIT-RoPAU aita aFrancesco Casetti aL’ospite fisso. Televisione e mass media nelle famiglie italiane. CiSF,Centro Internazionale Studi Famiglia aCinisello Balsamo aSan Paolo Edizioni c1995 a237 p. c21,5 cm v1 cBK c29875d29875 00102ddc406308_27900000000000071aPAULUSbPAULUSd2012-04-11l0o308.279r2012-04-11 00:00:00w2012-04-11yBKzInserito da: LuigiG In data: 27 ottobre 2011 fondo: Via A.Severo 56 Progr:17868